| 000 | 01538cam a22004094i 4500 | ||
|---|---|---|---|
| 003 | PE-LiUPU | ||
| 005 | 20250731184100.0 | ||
| 008 | 150623s r 000 0 d | ||
| 020 | _a0801089069 | ||
| 035 | _a(Sirsi) i9780801089060 | ||
| 040 |
_aPE-LiUPU _bspa _cPE-LiUPU _erda |
||
| 049 | _aPRUA | ||
| 082 | 0 | 4 |
_a812.54 _bT82 _221 |
| 100 | 1 |
_aTrott, Steve, _eautor. |
|
| 245 | 1 | 0 |
_aDestination Bethlehem : _bseven Christmas plays for young people / _cSteve Trott. |
| 264 | 1 |
_aGrand Rapids, Michigan : _bBaker Books, _c1993. |
|
| 300 |
_a64 páginas ; _c28 centímetros |
||
| 336 |
_atext _2rdacontent |
||
| 337 |
_aunmediated _2rdamedia |
||
| 338 |
_avolume _2rdacarrier |
||
| 505 | 0 | _aBuster come back. -Destination bethlehem. -Did I miss anything important?. -R.S.V.P. -Something sacred this way comes. -Nocturne. -You don't say. | |
| 526 | _aP145 | ||
| 526 | _aP127 | ||
| 526 | _aP97 | ||
| 526 | _aP14 | ||
| 526 | _aP07 | ||
| 650 | 0 | 4 |
_aNavidad _xDrama. |
| 650 | 0 | 4 |
_aNavidad _xObras de teatro _zEstados Unidos. |
| 650 | 0 | 4 |
_aNiños _xObras de teatro _zEstados Unidos. |
| 650 | 0 | 4 | _aObras de teatro. |
| 942 |
_2ddc _cBOOK |
||
| 949 |
_a812.54 T82 _wDEWEY _c1 _i48606 _lCCODEBUL1 _mBUL _r0 _sY _tBOOK _u2015-6-24 _xTEOLOGIA _PP35 _0COMPRA _o.STAFF. Colección General |
||
| 994 |
_aC0 _bPEPRU |
||
| 596 | _a1 | ||
| 999 |
_a812.54 T82 _wDEWEY _c27775 _i48606 _f2021-11-11 _g5 _lCCODEBUL1 _mBUL _r0 _sY _tBOOK _u2015-6-24 _xTEOLOGIA _PP35 _0COMPRA _o.STAFF. Colección General _d27775 |
||
| 980 |
_81 _gALBERTO SANCHEZ Responsable de Automatización |
||